Managing brand you (Record no. 23369)
[ view plain ]
| 000 -LEADER | |
|---|---|
| fixed length control field | 01180nam a2200301Ia 4500 |
| 100 1# - MAIN ENTRY--AUTHOR NAME | |
| Personal name | Wilson, Jerry S. |
| 245 10 - TITLE STATEMENT | |
| Title | Managing brand you |
| 260 ## - PUBLICATION, DISTRIBUTION, ETC. (IMPRINT) | |
| Place of publication | New York : |
| Name of publisher | AMACOM/American Management Association, |
| Year of publication | c2008. |
| 300 ## - PHYSICAL DESCRIPTION | |
| Number of Pages | xii, 236 p. |
| 500 ## - GENERAL NOTE | |
| General note | Includes bibliographical references. |
| 650 #0 - SUBJECT ADDED ENTRY--TOPICAL TERM | |
| Topical Term | Success. |
| Topical Term | Branding (Marketing) |
| 700 1# - ADDED ENTRY--PERSONAL NAME | |
| Personal name | Blumenthal, Ira. |
| 856 40 - ELECTRONIC LOCATION AND ACCESS | |
| Uniform Resource Identifier | http://site.ebrary.com/lib/rucke/Doc?id=10271768 |
No items available.
